| 000 | 00000nam##2200000za#4500 |
| 001 | 9.697306 |
| 003 | CaOODSP |
| 005 | 20250506145324 |
| 007 | cr ||||||||||| |
| 008 | 150407|1966||||xxc|||||o f|0| 0 eng|d |
| 040 | |aCaOODSP|beng |
| 043 | |an-cn--- |
| 086 | 1 |aA63-1023/1966E-PDF |
| 110 | 1 |aCanada.|bAgriculture Canada. |
| 245 | 14|aThe dairy goat |h[electronic resource] |
| 260 | |aOttawa - Ontario : |bAgriculture Canada |c[c]1966. |
| 300 | |a16p.|bfigs., photographs |
| 500 | |aHistorical publication digitized by Agriculture and Agri-Food Canada. "First published as Publication 763, 1944; revised as Publication 1023, 1957"--p. 2 of 16. |
| 590 | |a13-17-Supp|b2013-07-25 |
| 690 | 07|aAnimal husbandry|2gcpds |
| 690 | 07|aDairy industry|2gcpds |
| 690 | 07|aLivestock|2gcpds |
| 775 | 08|tLa chèvre laitière |w(CaOODSP)9.642250 |
| 856 | 40|ahttp://publications.gc.ca|qPDF|s1.63 MB|uhttps://publications.gc.ca/collections/collection_2013/aac-aafc/agrhist/A63-1023-1966-eng.pdf |
| 986 | |a1023 |